LIBRARY & INFORMATION CENTRE, KCAET, TAVANUR

ONLINE PUBLIC ACCESS CATALOGUE (OPAC)

Handbook of Library and Information Services (Record no. 15621)

MARC details
000 -LEADER
fixed length control field 00378nam a22001457a 4500
003 - CONTROL NUMBER IDENTIFIER
control field OSt
008 - FIXED-LENGTH DATA ELEMENTS--GENERAL INFORMATION
fixed length control field 190521b ||||| |||| 00| 0 eng d
020 ## - INTERNATIONAL STANDARD BOOK NUMBER
ISBN 9788170359227
082 ## - DEWEY DECIMAL CLASSIFICATION NUMBER
Classification number 020
Item number RAJ/HA
100 ## - MAIN ENTRY--AUTHOR NAME
Personal name Rajkumar, Singh
245 ## - TITLE STATEMENT
Title Handbook of Library and Information Services
260 ## - PUBLICATION, DISTRIBUTION, ETC. (IMPRINT)
Place of publication New Delhi
Name of publisher Daya Publishing House
Year of publication 2014
300 ## - PHYSICAL DESCRIPTION
Number of Pages 279 p.
942 ## - ADDED ENTRY ELEMENTS (KOHA)
Koha item type Books
Holdings
Withdrawn status Lost status Damaged status Collection code Home library Current library Shelving location Date acquired Cost, normal purchase price Full call number Accession Number Koha item type
      Non-fiction KAUAET KAUAET General Stacks 21/05/2019 1495.00 020 RAJ/HA 25828 Books
free website counter